| 000 | 00953nam a2200313 a 4500 | ||
|---|---|---|---|
| 001 | 59924 | ||
| 003 | BD-RjUL | ||
| 005 | 20211209080801.0 | ||
| 008 | 161227s1979 enka b 001 0 eng | ||
| 020 | _a0801822483 | ||
| 020 | _a0801822718 (pbk.) | ||
| 035 | _aMITb10089342 | ||
| 035 | _a(BD-RjUL) 60048 | ||
| 035 | _aGLIS00089342 | ||
| 040 |
_aDLC _cDLC _dMYG _dBD-RjUL _beng |
||
| 041 | _aeng | ||
| 082 |
_223 _a330.9048 _bECO 1979 |
||
| 099 | _aHD82.E286 | ||
| 245 | 0 | 0 |
_aEconomic issues of the eighties / _cedited by Nake M. Kamrany , Richard H. Day. |
| 260 |
_aBaltimore : _bJohns Hopkins University Press, _cc1979. |
||
| 300 |
_avii, 286 p. : _bill. ; _c24 cm. |
||
| 500 | _aIncludes index. | ||
| 504 | _aBibliography: p. 271-276. | ||
| 650 | 0 |
_aEconomic policy. _9170308 |
|
| 650 | 0 |
_aEconomic history _y1945- _9176590 |
|
| 700 | 1 |
_aKamrany, Nake M., _d1934- _9178253 |
|
| 700 | 1 |
_aDay, Richard Hollis, _d1933- _9178254 |
|
| 942 |
_2ddc _cBK |
||
| 999 |
_c59924 _d59924 |
||